Načítá se...

Economic reforms in the Soviet Union and Eastern Europe since the 1960s.

Podrobná bibliografie
Hlavní autor: Adam,Jan
Médium: Printed Book
Jazyk:English
Vydáno: London Macmillan 1989
Témata:
LEADER 00612nam a22001697a 4500
005 20160820112549.0
008 091014t xxu||||| |||| 00| 0 eng d
082 |a 338.2(47+57)+(4)"1960"  |b ADA 
100 |a Adam,Jan  |9 4226 
245 |a Economic reforms in the Soviet Union and Eastern Europe since the 1960s. 
300 |a xvi,264p. 
653 |a economic reforms  |a Soviet Union 
942 |c BK  |6 _ 
260 |a London  |b Macmillan  |c 1989 
020 |a 0333389476 
999 |c 171948  |d 171948 
952 |0 0  |1 0  |2 ddc  |4 0  |6 3382475741960_ADA  |7 0  |9 223358  |a DAE  |b DAE  |d 2009-10-14  |o 338.2(47+57)+(4)"1960" ADA  |p ECO05602  |r 2009-10-14  |w 2009-10-14  |y BK